Dopaminové děti : jak digitální svět a ultrazpracované potraviny mění dětský mozek : praktický plán, jak přerušit bludný kruh závislosti na obrazovkách a nezdravém návykovém jídle /

Praktický plán, jak přerušit bludný kruh závislosti na obrazovkách a nezdravém návykovém jídle. Dnešní děti vyrůstají ve světě, který nemá v historii obdoby. Ve světě, kde chytré telefony, počítačové hry, sociální sítě a ultrazpracované potraviny nenápadně, ale systematicky přetvářejí jejich návyky,...

Celý popis

Uloženo v:
Hlavní autor: Doucleff, Michaeleen (Autor)
Další autoři: Iserová, Anna (Autor), Trujillo, Ella (Překladatel)
Médium: Kniha
Jazyk:Czech
Vydáno: V Praze : Rybka Publishers, 2026
Témata:
Celkem bylo vypůjčeno:0x
Tagy:
Žádné tagy
LEADER 02541nam a22004817i 4500
001 106436
003 CZ PrSKC
005 20260602121704.0
007 ta
008 260528s2026 xr ||||| |||| 00| 0 cze d
020 |a 9788088630401  |q (vázáno) 
040 |a PVG001  |b cze  |e rda 
041 1 |a cze  |h eng 
072 7 |a 159.97  |x Psychopatologie  |2 Konspekt 
080 |a 159.97  |2 MRF 
080 |a 159.922.7  |2 MRF 
080 |a 159.913  |2 MRF 
080 |a 159.923  |2 MRF 
080 |a 37.015.311-053.2  |2 MRF 
080 |a 612.814  |2 MRF 
080 |a (0.062)  |2 MRF 
100 1 |a Doucleff, Michaeleen  |7 pna20211124708  |4 aut 
240 1 0 |a Dopamine kids.  |l Česky 
245 1 0 |a Dopaminové děti :  |b jak digitální svět a ultrazpracované potraviny mění dětský mozek : praktický plán, jak přerušit bludný kruh závislosti na obrazovkách a nezdravém návykovém jídle /  |c Michaeleen Doucleffová ; z anglického originálu Dopamine kids. A science-based plan to rewire your child's brain and take back your family in the age of screens and ultraprocessed foods ... přeložila Anna Iserová ; ilustrace Gabriella Trujillo 
246 3 0 |a Jak digitální svět a ultrazpracované potraviny mění dětský mozek 
264 1 |a V Praze :  |b Rybka Publishers,  |c 2026 
300 |a 419 stran :  |b ilustrace ;  |c 21 cm 
336 |a text  |b txt  |2 rdacontent 
337 |a bez média  |b n  |2 rdamedia 
338 |a svazek  |b nc  |2 rdacarrier 
520 2 |a Praktický plán, jak přerušit bludný kruh závislosti na obrazovkách a nezdravém návykovém jídle. Dnešní děti vyrůstají ve světě, který nemá v historii obdoby. Ve světě, kde chytré telefony, počítačové hry, sociální sítě a ultrazpracované potraviny nenápadně, ale systematicky přetvářejí jejich návyky, pozornost i prožívání radosti. 
650 7 |a patologické závislosti  |7 ph123998  |2 czenas 
650 7 |a dopamin  |7 ph561140  |2 czenas  |9 102100 
650 7 |a psychohygiena  |7 ph115945  |2 czenas 
653 0 |a děti  |a patologické  |a závislosti  |a dopamin  |a digitální  |a technologie  |a návykové  |a potraviny  |a zvládání  |a rady 
655 7 |a populárně-naučné publikace  |7 fd131864  |2 czenas  |9 102 
700 1 |a Iserová, Anna  |4 trl 
700 1 |a Trujillo, Ella  |7 pna20211124710  |4 ill 
710 2 |a Rybka Publishers (nakladatelství)  |7 xx0234194  |4 pbl 
910 |a UOG502 
942 |2 ddc  |c KN 
999 |d 106436 
993 |0 0  |1 421180107150  |2 ddc  |4 0  |6 159_900000000000000  |7 0  |9 99863  |b 0  |c 107150  |d 2026-06-02  |e 0  |f DOSP  |g 159.9  |h 398.00  |i Koupě  |l DOSP  |r 2026-06-02  |t 5  |w 2026-06-02  |y KN  |z NAUCNA  |n